Living modern : (Record no. 16510)
[ view plain ]
| 000 -LEADER | |
|---|---|
| fixed length control field | 02445cam a2200337 i 4500 |
| 001 - CONTROL NUMBER | |
| control field | 16835409 |
| 003 - CONTROL NUMBER IDENTIFIER | |
| control field | EG-ScBUE |
| 005 - DATE AND TIME OF LATEST TRANSACTION | |
| control field | 20230117142342.0 |
| 008 - FIXED-LENGTH DATA ELEMENTS--GENERAL INFORMATION | |
| fixed length control field | 110620s2010 enka f 001 0 eng d |
| 020 ## - INTERNATIONAL STANDARD BOOK NUMBER | |
| International Standard Book Number | 0500515255 (hbk) |
| 020 ## - INTERNATIONAL STANDARD BOOK NUMBER | |
| International Standard Book Number | 9780500515259 (hbk) |
| 040 ## - CATALOGING SOURCE | |
| Original cataloging agency | DLC |
| Language of cataloging | eng |
| Description conventions | rda |
| Transcribing agency | DLC |
| Modifying agency | EG-ScBUE |
| 082 04 - DEWEY DECIMAL CLASSIFICATION NUMBER | |
| Edition number | 22 |
| Classification number | 747 |
| Item number | POW |
| 100 1# - MAIN ENTRY--PERSONAL NAME | |
| Personal name | Powers, Richard, |
| Dates associated with a name | 1967- |
| Relator term | author. |
| 9 (RLIN) | 29082 |
| 245 10 - TITLE STATEMENT | |
| Title | Living modern : |
| Remainder of title | the sourcebook of contemporary interiors : with 740 color illustrations / |
| Statement of responsibility, etc | Richard Powers ; text by Phyllis Richardson. |
| 264 #1 - PUBLICATION, DISTRIBUTION, ETC. (IMPRINT) | |
| Place of publication, distribution, etc | London : |
| Name of publisher, distributor, etc | Thames & Hudson, |
| Date of publication, distribution, etc | 2010. |
| 300 ## - PHYSICAL DESCRIPTION | |
| Extent | 368 pages : |
| Other physical details | color illustrations ; |
| Dimensions | 29 cm |
| 336 ## - CONTENT TYPE | |
| Source | rdacontent |
| Content type term | text |
| Content type code | txt |
| 337 ## - MEDIA TYPE | |
| Source | rdamedia |
| Media type term | unmediated |
| Media type code | n |
| 338 ## - CARRIER TYPE | |
| Source | rdacarrier |
| Carrier type term | volume |
| Carrier type code | nc |
| 500 ## - GENERAL NOTE | |
| General note | Includes index. |
| 505 0# - FORMATTED CONTENTS NOTE | |
| Formatted contents note | Introduction -- Place : City ; Desert ; Forest ; Water ; Mountain & hillside ; Remote ; Tropical -- Style : High rustic ; Minimal ; Retro ; Modern eclectic ; New ethnic ; Mid-century modern ; Baroque -- Architecture : Hallway ; Open plan ; Opening ; Partition ; Inside out ; Double height ; Levels ; Overhang ; Balcony -- Materials : Wood ; Concrete ; Glass ; Marble ; Metal ; Mixed ; Natural ; Brick & stone -- Surface : Flooring ; Painted ; Printed ; Tiled ; Textured ; Panelled ; Polished -- Function : Entering ; Living ; Cooking & eating ; Entertaining ; Working ; Sleeping ; Bathing -- Ambience : Natural light ; Screens ; Fire ; Colour ; White ; Pattern ; Neutral ; Contrast -- Elements : Stairs ; Objets d'art ; Soft furnishings ; Windows ; Display ; Storage ; Lighting ; Fixtures -- Furniture : Sculptural ; Built-in ; Retro ; Multi-functional ; Vintage ; Simple ; Plush ; Iconic -- Outdoors : Garden design ; Courtyard ; Planting ; Lounging ; Vista ; Terrace ; Al fresco ; Pool -- Resources : Architects & designers ; Retailers. |
| 520 ## - SUMMARY, ETC. | |
| Summary, etc | Understanding modern more as lifestyle than as style, it is all about clean lines, elegant colour combinations, maximising indoor-outdoor relationships, artfully collecting and displaying design objects and open areas for lounging, cooking and dining. |
| 650 #7 - SUBJECT ADDED ENTRY--TOPICAL TERM | |
| Topical term or geographic name as entry element | Interior decoration. |
| Source of heading or term | BUEsh |
| 9 (RLIN) | 29083 |
| 650 #7 - SUBJECT ADDED ENTRY--TOPICAL TERM | |
| Topical term or geographic name as entry element | Interior decoration |
| Form subdivision | Pictorial works. |
| Source of heading or term | BUEsh |
| 9 (RLIN) | 29084 |
| 653 ## - INDEX TERM--UNCONTROLLED | |
| Arrived date list | February2012 |
| Resource For college | Arts and Design |
| 655 ## - INDEX TERM--GENRE/FORM | |
| Form subdivision | Reading book |
| 700 1# - ADDED ENTRY--PERSONAL NAME | |
| Personal name | Richardson, Phyllis, |
| Relator term | contributor. |
| 9 (RLIN) | 29085 |
| 942 ## - ADDED ENTRY ELEMENTS (KOHA) | |
| Source of classification or shelving scheme | Dewey Decimal Classification |
| Koha item type | Book - Borrowing |
| Withdrawn status | Lost status | Source of classification or shelving scheme | Damaged status | Not for loan | Collection code | Home library | Current library | Shelving location | Date acquired | Source of acquisition | Cost, normal purchase price | Serial Enumeration / chronology | Total Checkouts | Total Renewals | Full call number | Barcode | Date last seen | Date checked out | Price effective from | Koha item type |
|---|---|---|---|---|---|---|---|---|---|---|---|---|---|---|---|---|---|---|---|---|
| Dewey Decimal Classification | Alahram | Central Library | Central Library | Second Floor | 22/02/2012 | 250.00 | 682 | 3 | 4 | 747 POW | 000026170 | 15/07/2025 | 09/07/2018 | 22/02/2012 | Book - Borrowing |